Culture générale # 4 - Statistiques

Statistiques générales
  • Ce quiz a été pris 127 fois
    89 depuis la dernière actualisation
  • Le résultat moyen est 11 sur 15
Statistiques - réponses
Question Indices Réponse % Correct
Les escargots savent très bien reculer. Vrai ou Faux? faux
99%
Les premiers ordinateurs n'avaient pas d'écran. Vrai ou Faux? Vrai
99%
Combien de temps faut-il à la lumière pour atteindre la Terre? 8,18 ou 80 minutes 8
95%
Quelle sauce, fabriquée avec des tomates, de la viande et des oignons, porte un nom dérivé de celui d'une ville italienne? La sauce............. bolognaise
87%
1 fois 0 = 0
85%
Quelle planète du système Solaire est la plus proche du Soleil? Mercure
84%
Contre quel pays la France était-elle en guerre en 1870? Angleterre ; Bosnie ; Prusse Prusse
82%
Lors d'un 800 mètres, combien de tours de pistes les compétiteurs doivent-ils courir? 2
81%
Quelle est la capitale de l'Egypte? Le Caire
81%
Quel artiste est célèbre pour avoir peint des tournesols et pour s'être tranché l'oreille? (écrivez son prénom ET son nom dans cet ordre respectif) Vincent Van Gogh
81%
Quel instrument permet de mesurer la pression atmosphérique? Le ..... baromètre
51%
Quelle tombe l'explorateur Howard Carter a-t-elle découverte en 1922? La tombe de ......... Toutânkhamon
47%
Quel est le gaz connu le plus léger? hydrogène
43%
Dans quel film inspiré d'une BD croise-t-on Frank Dubosc en papa et Marina Foïs en maman? Boule et Bill
30%
Comment s'appelle le lion du MONDE DE NARNIA ? Aslan
27%
Aucun quiz correspondant
Distribution des résultats
% des personnes avec chaque résultat
Percentile par nombre de réponses
Votre historique - résultats
Vous n’avez pas pris ce quiz depuis la dernière actualisation